LEADER 01313nam 2200373 450 001 990001008660203316 010 $a3-7643-5068-7 035 $a0100866 035 $aUSA010100866 035 $a(ALEPH)000100866USA01 035 $a0100866 100 $a20020301d1994----km-y0itay0103----ba 101 $aeng 102 $aCH 105 $a||||||||001yy 200 1 $aToeplitz operators and related topics$ethe Harold Widow anniversary volume$eworkshop on Toeplitz and Wiener-Hopf operators, Santa Cruz, California$eSeptember 20-22, 1992 210 $aBasel$cBirkhäuser$dc1994 215 $aXIX, 186 p$d24 cm 225 2 $aOperator theory advances and applications$v71 410 $12001$aOperator theory advances and applications$v71 606 0 $aOperatori lineari$xCongressi$z1992 676 $a515.7246 710 12$aWorkshop on Toeplitz and Widow anniversary volume <1992 ; Santa Cruz>$0553232 801 0$aIT$bsalbc$gISBD 912 $a990001008660203316 951 $a515.724 6 WOR$b11680 ING$c515.724 6 959 $aBK 969 $aTEC 979 $aPATTY$b90$c20020301$lUSA01$h1127 979 $aPATTY$b90$c20020325$lUSA01$h1005 979 $c20020403$lUSA01$h1742 979 $aPATRY$b90$c20040406$lUSA01$h1709 996 $aToeplitz operators and related topics$9974942 997 $aUNISA LEADER 01331nam--2200433---450- 001 990001010910203316 005 20090714093434.0 010 $a88-348-5196-X 035 $a0101091 035 $aUSA010101091 035 $a(ALEPH)000101091USA01 035 $a0101091 100 $a20020304d1996----km-y0itay0103----ba 101 $aita 102 $aIT 105 $a||||||||001yy 200 1 $a<> domande di diritto privato$fVincenzo Vitalone, Andrea M. Azzaro$gpresentazione di Giovanni Giacobbe 205 $a2. ed 210 $aTorino$cG. Giappichelli$d1996 215 $a179 p$d21 cm 410 $12001 606 0 $aDiritto privato$xQuestionari 676 $a346.450076 700 1$aVITALONE,$bVincenzo$0278421 701 1$aAZZARO,$bAndrea M.$0520856 702 1$aGIACOBBE,$bGiovanni 801 0$aIT$bsalbc$gISBD 912 $a990001010910203316 951 $aXXV.1.C 103 (IG I 1282)$b10394 G$cXXV.1.C 103 (IG I)$d00236982 959 $aBK 969 $aGIU 979 $aPATTY$b90$c20020304$lUSA01$h1016 979 $aPATTY$b90$c20020304$lUSA01$h1018 979 $c20020403$lUSA01$h1742 979 $aPATRY$b90$c20040406$lUSA01$h1710 979 $aPATRY$b90$c20070515$lUSA01$h1744 979 $aRSIAV2$b90$c20090714$lUSA01$h0934 996 $aDOMANDE DI DIRITTO PRIVATO$9834823 997 $aUNISA LEADER 01030nam a22002771i 4500 001 991004195639707536 005 20031010155729.0 008 031111s1986 gw |||||||||||||||||ger 020 $a3484180897 035 $ab12541722-39ule_inst 035 $aARCHE-057499$9ExL 040 $aDip.to Lingue$bita$cA.t.i. Arché s.c.r.l. Pandora Sicilia s.r.l. 082 04$a838.91 082 04$a833.91 100 1 $aKiesel, Helmuth$0165755 245 10$aLiterarische trauerarbeit :$bdas exil- und spätwerk Alfred Döblins /$cHelmuth Kiesel 260 $aTübingen :$bNiemeyer,$c1986 300 $aXIII, 549 p. ;$c22 cm 440 0$aStudien zur deutschen literatur ;$v89 650 4$aDöblin, Alfred$xStudi critici 907 $a.b12541722$b02-04-14$c13-11-03 912 $a991004195639707536 945 $aLE012 838.91 DOB KIE$g1$i2012000211223$lle012$o-$pE0.00$q-$rl$s- $t0$u0$v0$w0$x0$y.i12989265$z13-11-03 996 $aLiterarische trauerarbeit$9172716 997 $aUNISALENTO 998 $ale012$b13-11-03$cm$da $e-$fger$ggw $h0$i1